The changing society and how people are facing it
Сохранить в:
| Формат: | |
|---|---|
| Язык: | Undetermined |
| Опубликовано: |
Toshio
Economic
1980
|
| Предметы: | |
| Метки: |
Добавить метку
Нет меток, Требуется 1-ая метка записи!
|
| Thư viện lưu trữ: | Trung tâm Học liệu Trường Đại học Cần Thơ |
|---|
| LEADER | 00419nam a2200157Ia 4500 | ||
|---|---|---|---|
| 001 | CTU_106968 | ||
| 008 | 210402s9999 xx 000 0 und d | ||
| 082 | |a 309.1 | ||
| 082 | |b C454 | ||
| 245 | 4 | |a The changing society and how people are facing it | |
| 260 | |a Toshio | ||
| 260 | |b Economic | ||
| 260 | |c 1980 | ||
| 650 | |a Social change | ||
| 904 | |i Tuyến | ||
| 980 | |a Trung tâm Học liệu Trường Đại học Cần Thơ | ||